000 00306nam a22001337a 4500
008 181102b xxu||||| |||| 00| 0 eng d
020 _a9780761987642
041 _aeng
080 _a370
100 _a45
101 _aEDU
245 _aDimensions Of Human Behavior
_cElizabeth..D.H
942 _2udc
_cBK
999 _c51711
_d51711